000 004920000a22001690004500
041 0 _aSPA
082 0 4 _aG 272 W968u
100 1 _aWurmbrand, Richard
245 1 0 _aTorturado por Cristo : La iglesia mártir de hoy / Richard Wurmbrand ; Carlos A. Morris, Traductor
260 _aSan José : La Voz de los Mártires
300 _a143 Pág.
001 14126
942 _cBK
999 _c43038
_d43038
336 _atexto
_btxt
_2rdacontent
337 _2rdamedia
_asin mediación
_bn
338 _2rdacarrier
_avolumen
_bnc